The Time Machine (Record no. 12243)
[ view plain ]
| 000 -LEADER | |
|---|---|
| fixed length control field | 00356nam a22001577a 4500 |
| 003 - CONTROL NUMBER IDENTIFIER | |
| control field | OSt |
| 008 - FIXED-LENGTH DATA ELEMENTS--GENERAL INFORMATION | |
| fixed length control field | 240224b |||||||| |||| 00| 0 eng d |
| 020 ## - INTERNATIONAL STANDARD BOOK NUMBER | |
| International Standard Book Number | 9789358561661 |
| 082 ## - DEWEY DECIMAL CLASSIFICATION NUMBER | |
| Classification number | 823.912 |
| Item number | WET |
| 100 ## - MAIN ENTRY--PERSONAL NAME | |
| Personal name | WELLS,HG |
| 245 ## - TITLE STATEMENT | |
| Title | The Time Machine |
| 250 ## - EDITION STATEMENT | |
| Edition statement | 1st Ed |
| 260 ## - PUBLICATION, DISTRIBUTION, ETC. (IMPRINT) | |
| Place of publication, distribution, etc | New Delhi |
| Name of publisher, distributor, etc | fingerprint classics |
| 300 ## - PHYSICAL DESCRIPTION | |
| Extent | 166 |
| 942 ## - ADDED ENTRY ELEMENTS (KOHA) | |
| Source of classification or shelving scheme | Dewey Decimal Classification |
| Koha item type | Text Books |
| Withdrawn status | Lost status | Source of classification or shelving scheme | Damaged status | Not for loan | Collection code | Home library | Current library | Date acquired | Source of acquisition | Currency | Cost, normal purchase price | Bill Number | Total Checkouts | Full call number | Acc. no. / Barcode | Date last seen | Actual Cost, discounted price | Bill Date | Koha item type | Date last borrowed |
|---|---|---|---|---|---|---|---|---|---|---|---|---|---|---|---|---|---|---|---|---|
| Dewey Decimal Classification | GENERAL | PIET C-LIBRARY | PIET C-LIBRARY | 15/02/2024 | Zafaa Books and Distributors | In rupees | 399.00 | ZBD0375 | 823.912 WET | 35544 | 24/02/2024 | 271.32 | 15/02/2024 | Reference Books | ||||||
| Dewey Decimal Classification | GENERAL | PIET C-LIBRARY | PIET C-LIBRARY | 15/02/2024 | Zafaa Books and Distributors | In rupees | 399.00 | ZBD0375 | 1 | 823.912 WET | 35545 | 26/03/2024 | 271.32 | 15/02/2024 | Text Books | 13/03/2024 |